Načítá se...

Sardar Patel and making of united India /

Podrobná bibliografie
Hlavní autor: Neelam Pandey
Médium: Printed Book
Jazyk:English
Vydáno: New Delhi: Centrum Press, 2017.
Edice:Writings and speeches of Sardar Patel series
Témata:
LEADER 00746 a2200205 4500
008 170805b xxu||||| |||| 00| 0 eng d
999 |c 114544  |d 114544 
020 |a 9789350848364 
082 |a 923.254P 
100 |a Neelam Pandey 
245 |a Sardar Patel and making of united India /  |c Neelam Pandey 
260 |b Centrum Press,  |c 2017.  |a New Delhi: 
300 |a viii, 264p.  |c 24cm. 
490 |a Writings and speeches of Sardar Patel series 
650 |a Nationalism 
650 |a Politics and government 
650 |a Patel, Vallabhbhai, 1875-1950 
650 |a India 
942 |2 ddc  |c BK 
952 |0 0  |1 0  |4 0  |6 923_000000000000000_254P_NEE_S  |7 0  |9 121920  |a UL  |b UL  |c ST1  |d 2017-04-17  |e 176  |g 1065.00  |l 3  |m 1  |o 923.254P NEE/S  |p 96225  |r 2021-09-10  |s 2021-08-05  |v 1500.00  |y BK